| 000 | 00000nam##2200000za#4500 |
| 001 | 9.681796 |
| 003 | CaOODSP |
| 005 | 20200330071925 |
| 007 | ta |
| 008 | 150407|2001||||xxc||||| f|0| 0 fre|d |
| 020 | |a2-922084-43-4 |
| 040 | |aCaOODSP|bfre |
| 043 | |an-cn--- |
| 086 | 1 |aE84-7/2001F |
| 110 | 1 |aCanada.|bCentre international des droits de la personne et du développement démocratique. |
| 245 | 10|aBouclier d'or de la Chine : |bles entreprises et le développement de la technologie de surveillance en Chine / |cpar Greg Walton. |
| 260 | |aMontréal - Québec : |bCentre international des droits de la personne et du développement démocratique |c2001. |
| 300 | |a39p. : |bfigures, références ; |c28 cm. + |edisque optique compact. |
| 563 | |aCouverture souple |
| 590 | |a02-16|b2002-04-19 |
| 691 | 07|aSurveillance électronique|2gcpds |
| 691 | 07|aTechnologie de l'information|2gcpds |
| 691 | 07|aRenseignement de sécurité|2gcpds |
| 691 | 07|aEntreprise|2gcpds |
| 691 | 07|aDroits de la personne|2gcpds |
| 720 | 1 |aWalton, Greg |
| 775 | 08|tChina's golden shield : |w(CaOODSP)9.648514 |
| 776 | 0#|tBouclier d'or de la Chine : |w(CaOODSP)9.640319 |